|
|
|
|
| LEADER |
00000nam0a2200000 4500 |
| 001 |
213515 |
| 005 |
20231101225825.0 |
| 035 |
|
|
|a (RuTPU)RU\TPU\book\233312
|
| 090 |
|
|
|a 213515
|
| 100 |
|
|
|a 20120411d1967 m y0rusy50 ca
|
| 101 |
1 |
|
|a rus
|c eng
|
| 102 |
|
|
|a RU
|
| 105 |
|
|
|a a z 000zy
|
| 200 |
1 |
|
|a География жизни и смерти
|e пер. с англ.
|f Д. Стамп
|
| 210 |
|
|
|a Москва
|c Прогресс
|d 1967
|
| 215 |
|
|
|a 160 с.
|c ил.
|
| 606 |
1 |
|
|a Медицинская география
|2 stltpush
|3 (RuTPU)RU\TPU\subj\41792
|9 61573
|
| 610 |
1 |
|
|a смерть
|
| 610 |
1 |
|
|a жизнь
|
| 610 |
1 |
|
|a география
|
| 610 |
1 |
|
|a болезни
|
| 675 |
|
|
|a 61
|v 3
|
| 700 |
|
1 |
|a Стамп
|b Д.
|g Дадли
|
| 801 |
|
1 |
|a RU
|b 63413507
|c 20120411
|
| 801 |
|
2 |
|a RU
|b 63413507
|c 20220831
|g RCR
|
| 942 |
|
|
|c BK
|